Military construction appropriations for 1999 : hearings before a subcommittee of the Committee on Appropriations, House of Representatives, One Hundred Fifth Congress, second session /

Saved in:
நூற்பட்டியல் விவரங்கள்
குழும எழுத்தாளர்: United States. Congress. House. Committee on Appropriations. Subcommittee on Military Construction Appropriations.
வடிவம்: புத்தகம்
மொழி:English
வெளியீடப்பட்டது: Washington : U.S. G.P.O. : For sale by the U.S. G.P.O., Supt. of Docs., Congressional Sales Office, 1998-
பகுதிகள்:
குறியீடுகள்: குறிச்சொல் இணை
குறியீடுகள் இல்லை, இந்த குறிச்சொல்லை முதலில் பதிவு செய்யுங்கள்!
LEADER 01908cam a2200349 a 4500
001 007749708-2
005 20020606104010.5
008 980326m19989999dcuab f00000 eng c
010 |a  98158187  
020 |a 0160562600 (pt.1) 
020 |a 0160562058 (pt.2) 
020 |a 0160561744 (pt.3) 
020 |a 0160562066 (pt.4) 
020 |a 016057014X (pt.5) 
035 0 |a ocm38860407 
040 |a DGPO/DLC  |c GPO  |d DLC 
043 |a n-us--- 
050 0 0 |a KF27  |b .A655 1998 
074 |a 1011 
074 |a 1011-A (MF) 
086 0 |a Y 4.AP 6/1:M 59/6/999/PT.1- 
110 1 |a United States.  |b Congress.  |b House.  |b Committee on Appropriations.  |b Subcommittee on Military Construction Appropriations. 
245 1 0 |a Military construction appropriations for 1999 :  |b hearings before a subcommittee of the Committee on Appropriations, House of Representatives, One Hundred Fifth Congress, second session /  |c Subcommittee on Military Construction Appropriations. 
260 |a Washington :  |b U.S. G.P.O. :  |b For sale by the U.S. G.P.O., Supt. of Docs., Congressional Sales Office,  |c 1998- 
300 |a v. <1-5 > :  |b ill., maps ;  |c 24 cm. 
500 |a Distributed to some depository libraries in microfiche. 
500 |a Shipping list no.: 98-0172-P (pt. 1), 98-0161-P (pts. 2-4), 98-0155-P (pt. 3). 
505 1 |a pt. 1. Justification of the budget estimates, appropriation request for fiscal year 1999 ... -- pt. 2. Justification of the budget estimates, Navy and Marine Corps ... -- pt. 3. Justification of the budget estimates, Air Force ... -- pt. 4. Justification of the budget estimates, base realignment and closure .... -- pt. 5. Overview, Defense-wide questions for the record ... -- 
651 0 |a United States  |x Armed Forces  |x Military construction operations  |x Law and legislation. 
610 1 0 |a United States.  |b Department of Defense  |x Appropriations and expenditures. 
988 |a 20020608 
906 |0 OCLC